000 005140000a22001930004500
001 002501
003 MACL
005 20150812122919.0
008 150812b xxu||||| |||| 00| 0 eng d
040 _aMACL
_cMACL
041 _aEnglish
082 _a374/SIN
100 _aSingh, K V
_94909
245 _aAdult Education in India
_bHistorical Perspective,1 ed
_cK V Singh
260 _aNew Delhi
_c2007
_bVista International Publishing House,
350 _a500
650 _aEducation
_94910
942 _k374
_cBK
_2ddc
999 _c14412
_d14412